000 00445nam a22001817a 4500
003 MPLRDC
005 20220104144458.0
008 210129b ||||| |||| 00| 0 eng d
020 _a7-80084-216-9
082 _a782.886 QZS
100 _a王吟风 编著
245 _a走出魔镜的钱钟书
_c
250 _a一版一刷
260 _a
_b金城出版社
_c1999
300 _b
650 _a钱钟书传记
942 _cBK
_o782.886 QZS
999 _c50007
_d49997